[Event "SR 2. liga A 2018/2019"]
[Site "?"]
[Date "2018.11.18"]
[Round "4.2"]
[White "Berger, Patrik"]
[Black "Slacky, Stanislav"]
[Result "1/2-1/2"]
[WhiteElo "2000"]
[BlackElo "2147"]
[PlyCount "82"]
[EventDate "2018.??.??"]
[WhiteTeam "SK Skalica"]
[BlackTeam "SK Krasnany"]

1. e4 Nf6 2. e5 Nd5 3. d4 d6 4. Nf3 dxe5 5. Nxe5 c6 6. Bc4 g6 7. Qf3 Be6 8. Nc3
Bg7 9. O-O O-O 10. Ne4 Nc7 11. Rd1 Qc8 12. Bxe6 Nxe6 13. c3 Nd7 14. Nc4 Qc7 15.
a4 Rad8 16. b4 Nb6 17. Nxb6 axb6 18. Be3 f5 19. Ng5 Nxg5 20. Bxg5 Rd5 21. Bf4
Qd7 22. Re1 Re8 23. Rad1 e6 24. Be5 Bxe5 25. Rxe5 Ra8 26. Qe2 Kf7 27. Qc2 Qc7
28. Rde1 Rxe5 29. Rxe5 Rd8 30. Qe2 Qc8 31. h4 Rd5 32. Qe3 Rxe5 33. Qxe5 Qd8 34.
g3 h6 35. Qe3 g5 36. h5 Qd5 37. Qe5 Qf3 38. Qc7+ Kf6 39. Qd8+ Kf7 40. Qd7+ Kf6
41. Qe8 g4 1/2-1/2

[Event "SR 2. liga A 2018/2019"]
[Site "?"]
[Date "2018.11.18"]
[Round "4.3"]
[White "Sukuba, Zdeno"]
[Black "Hudacek, Josef"]
[Result "1/2-1/2"]
[WhiteElo "2175"]
[BlackElo "2067"]
[PlyCount "20"]
[EventDate "2018.??.??"]
[WhiteTeam "SK Krasnany"]
[BlackTeam "SK Skalica"]

1. c4 Nf6 2. Nc3 d5 3. cxd5 Nxd5 4. Nf3 Nxc3 5. bxc3 g6 6. g3 Bg7 7. Bg2 O-O 8.
O-O Nd7 9. Qc2 c5 10. d3 Qc7 1/2-1/2

[Event "SR 2. liga A 2018/2019"]
[Site "?"]
[Date "2018.11.18"]
[Round "4.4"]
[White "Kucharek, Jaroslav"]
[Black "Bronis, Marian"]
[Result "1/2-1/2"]
[WhiteElo "2047"]
[BlackElo "2078"]
[PlyCount "56"]
[EventDate "2018.??.??"]
[WhiteTeam "SK Skalica"]
[BlackTeam "SK Krasnany"]

1. d4 d6 2. c4 e5 3. dxe5 dxe5 4. Qxd8+ Kxd8 5. Nf3 f6 6. Nc3 c6 7. b3 Bg4 8.
Bb2 Nd7 9. O-O-O Kc7 10. e3 Nh6 11. Be2 a5 12. h3 Be6 13. Nd2 Nf7 14. g4 g6 15.
Na4 Be7 16. Nb1 Rhb8 17. Ba3 Bb4 18. Nac3 Nc5 19. f3 Rh8 20. Kc2 h5 21. f4 h4
22. Bf3 Nd6 23. Rd2 Rad8 24. Rhd1 Rd7 25. Bxb4 axb4 26. Ne2 Ra8 27. Nc1 Ra5 28.
Kb2 Ra8 1/2-1/2

[Event "SR 2. liga A 2018/2019"]
[Site "?"]
[Date "2018.11.18"]
[Round "4.5"]
[White "Janos, Ivan"]
[Black "Sefcik, Marek"]
[Result "1/2-1/2"]
[WhiteElo "2114"]
[BlackElo "2018"]
[PlyCount "62"]
[EventDate "2018.??.??"]
[WhiteTeam "SK Krasnany"]
[BlackTeam "SK Skalica"]

1. e4 c5 2. Nf3 e6 3. d3 d5 4. Qe2 Nf6 5. g3 Be7 6. Bg2 O-O 7. O-O Nc6 8. e5
Nd7 9. c4 d4 10. Re1 Qc7 11. Bf4 Rd8 12. h4 Nf8 13. h5 h6 14. Nbd2 Nh7 15. Ne4
b6 16. Qd2 Bf8 17. g4 Bb7 18. Nf6+ gxf6 19. exf6 e5 20. Bxh6 Kh8 21. Bxf8 Rxf8
22. Qh6 Rg8 23. g5 Ne7 24. Rxe5 Ng6 25. hxg6 Rxg6 26. Qh2 Bxf3 27. Bxf3 Rag8
28. Be4 Qxe5 29. Qxe5 Rxg5+ 30. Qg3 Rxg3+ 31. fxg3 Nxf6 1/2-1/2

[Event "SR 2. liga A 2018/2019"]
[Site "?"]
[Date "2018.11.18"]
[Round "4.6"]
[White "Stanec, Stanislav"]
[Black "Biro, Karol"]
[Result "1-0"]
[WhiteElo "2026"]
[BlackElo "2075"]
[PlyCount "93"]
[EventDate "2018.??.??"]
[WhiteTeam "SK Skalica"]
[BlackTeam "SK Krasnany"]

1. d4 Nf6 2. Nf3 e6 3. e3 b6 4. Bd3 Bb7 5. Nbd2 d5 6. O-O Be7 7. Re1 Nbd7 8. c3
O-O 9. e4 dxe4 10. Nxe4 c5 11. Qe2 Nxe4 12. Bxe4 Bxe4 13. Qxe4 Re8 14. Qe2 Qc7
15. g3 Qb7 16. Be3 a6 17. Rad1 Rac8 18. Ng5 cxd4 19. Rxd4 e5 20. Rh4 Nf8 21.
Qh5 Bxg5 22. Qxg5 Re6 23. Rd1 h6 24. Qf5 Ng6 25. Rb4 b5 26. Qd3 Qf3 27. Qd7
Rce8 28. a4 bxa4 29. Qxa4 Kh7 30. Rd7 R8e7 31. Rd8 Rb7 32. Rxb7 Qxb7 33. Qd7
Qf3 34. Qd1 Qf5 35. Rd5 Qe4 36. Qd3 Qa4 37. b4 Qa1+ 38. Kg2 e4 39. Qc4 Nh4+ 40.
Kh3 Qh1 41. Kxh4 Qxh2+ 42. Kg4 Qg2 43. Rf5 Rg6+ 44. Kf4 Qh3 45. Qxf7 Qg4+ 46.
Ke5 Qe2 47. Qd5 1-0

[Event "SR 2. liga A 2018/2019"]
[Site "?"]
[Date "2018.11.18"]
[Round "4.7"]
[White "Danek, Pavol"]
[Black "Hrubsa, Marian"]
[Result "1-0"]
[WhiteElo "2223"]
[BlackElo "1931"]
[PlyCount "49"]
[EventDate "2018.??.??"]
[WhiteTeam "SK Krasnany"]
[BlackTeam "SK Skalica"]

1. d4 f5 2. Nf3 g6 3. c4 Bg7 4. Nc3 Nf6 5. Qc2 O-O 6. Bg5 d6 7. g3 Qe8 8. Bxf6
Bxf6 9. Nd5 Na6 10. Nxf6+ Rxf6 11. Qc3 c6 12. Bg2 Nc7 13. e3 Bd7 14. h4 h5 15.
O-O b5 16. b3 a5 17. Rfd1 b4 18. Qb2 Rb8 19. a3 c5 20. dxc5 dxc5 21. axb4 axb4
22. Ra7 Qc8 23. Qe5 Rc6 24. Ng5 Rbb6 25. Qxe7 1-0

[Event "SR 2. liga A 2018/2019"]
[Site "?"]
[Date "2018.11.18"]
[Round "4.8"]
[White "Harastova, Viera"]
[Black "Mandak, Miroslav"]
[Result "1/2-1/2"]
[WhiteElo "1831"]
[BlackElo "2013"]
[PlyCount "80"]
[EventDate "2018.??.??"]
[WhiteTeam "SK Skalica"]
[BlackTeam "SK Krasnany"]

1. d4 Nf6 2. c4 e6 3. Nc3 c5 4. Nf3 cxd4 5. Nxd4 a6 6. g3 Qc7 7. e4 Be7 8. Qd3
O-O 9. Bg2 d6 10. O-O Bd7 11. Be3 Nc6 12. Nxc6 Bxc6 13. Rfd1 Ng4 14. Rac1 Nxe3
15. Qxe3 Qa5 16. a3 Qc5 17. Qxc5 dxc5 18. e5 Bxg2 19. Kxg2 Rfd8 20. Ne4 f6 21.
exf6 gxf6 22. f4 h6 23. Rxd8+ Rxd8 24. Rc2 Rd4 25. Kf3 f5 26. Nf2 Bf6 27. b3
Rd6 28. Ke2 Kf7 29. Nd3 b6 30. Rd2 Rd4 31. Ne1 Re4+ 32. Kf1 Ke7 33. Nc2 Bc3 34.
Rd3 Bb2 35. a4 Bf6 36. Re3 Rxe3 37. Nxe3 Kd6 38. Ke2 h5 39. h3 Bd4 40. Nc2 Bg7
1/2-1/2

[Event "SR 2. liga A 2018/2019"]
[Site "?"]
[Date "2018.11.18"]
[Round "4.1"]
[White "Kostolansky, Sebastian"]
[Black "Kavon, Rastislav"]
[Result "1/2-1/2"]
[WhiteElo "2323"]
[BlackElo "2185"]
[PlyCount "40"]
[EventDate "2018.??.??"]
[WhiteTeam "SK Slovan Bratislava E"]
[BlackTeam "Lokomotiva Trnava"]

1. e4 e5 2. Nf3 Nc6 3. Bb5 a6 4. Ba4 Nf6 5. d3 b5 6. Bb3 d6 7. c3 Be7 8. O-O
O-O 9. Nbd2 Re8 10. Re1 Bf8 11. Nf1 g6 12. Bg5 Bg7 13. Ne3 h6 14. Bh4 Na5 15.
Bc2 Bb7 16. a4 Qd7 17. Nd2 c5 18. Qf3 Nh7 19. Nb3 Nc6 20. Nd5 Rab8 1/2-1/2

[Event "SR 2. liga A 2018/2019"]
[Site "?"]
[Date "2018.11.18"]
[Round "4.2"]
[White "Kovacocy, Pavel"]
[Black "Jancovic, Peter"]
[Result "0-1"]
[WhiteElo "2266"]
[BlackElo "2299"]
[PlyCount "82"]
[EventDate "2018.??.??"]
[WhiteTeam "Lokomotiva Trnava"]
[BlackTeam "SK Slovan Bratislava E"]

1. e4 c5 2. Nf3 Nc6 3. d3 g6 4. g3 Bg7 5. Bg2 d6 6. O-O e5 7. c3 Nge7 8. a3 Qc7
9. Be3 O-O 10. b4 b6 11. Nbd2 h6 12. Nb3 Be6 13. b5 Nd8 14. Nfd2 Nb7 15. c4 f5
16. Bh3 Qd7 17. f3 g5 18. Qe2 Nd8 19. Nb1 Qe8 20. Nc3 Qh5 21. Bxf5 Bxf5 22.
exf5 Qf7 23. g4 d5 24. Bd2 Nb7 25. Rac1 Nd6 26. Nd1 dxc4 27. dxc4 Nxb5 28. cxb5
Qxb3 29. Rc3 Qa2 30. Ne3 Rad8 31. Qc4+ Qxc4 32. Nxc4 e4 33. fxe4 Rxd2 34. e5
Re2 35. f6 Nd5 36. Rcf3 Bh8 37. Rd1 Nf4 38. Rd6 Re4 39. Re3 Rxc4 40. e6 Rc1+
41. Kf2 Bxf6 0-1

[Event "SR 2. liga A 2018/2019"]
[Site "?"]
[Date "2018.11.18"]
[Round "4.3"]
[White "Nestorenko, Dmitry"]
[Black "Arendas, Marek"]
[Result "1/2-1/2"]
[WhiteElo "2195"]
[BlackElo "2113"]
[PlyCount "30"]
[EventDate "2018.??.??"]
[WhiteTeam "SK Slovan Bratislava E"]
[BlackTeam "Lokomotiva Trnava"]

1. e4 c5 2. f4 Nc6 3. Nc3 g6 4. Bc4 Bg7 5. Nf3 d6 6. O-O e6 7. Re1 Nge7 8. Ne2
d5 9. exd5 Nxd5 10. c3 O-O 11. d4 cxd4 12. Nexd4 Nxd4 13. Nxd4 Qd6 14. Nb3 Rd8
15. Bxd5 Qxd5 1/2-1/2

[Event "SR 2. liga A 2018/2019"]
[Site "?"]
[Date "2018.11.18"]
[Round "4.4"]
[White "Veselsky, Jozef"]
[Black "Hacik, Radomir"]
[Result "1/2-1/2"]
[WhiteElo "2141"]
[BlackElo "2139"]
[PlyCount "82"]
[EventDate "2018.??.??"]
[WhiteTeam "Lokomotiva Trnava"]
[BlackTeam "SK Slovan Bratislava E"]

1. d4 Nf6 2. Nf3 d5 3. c4 e6 4. Nc3 Be7 5. Bg5 O-O 6. e3 h6 7. Bh4 b6 8. cxd5
Nxd5 9. Bxe7 Qxe7 10. Nxd5 exd5 11. Bd3 c5 12. O-O Bb7 13. Rc1 Nd7 14. Qa4 c4
15. Bb1 a6 16. Qc2 g6 17. Rfe1 b5 18. b3 Rfc8 19. Qb2 b4 20. bxc4 dxc4 21. e4
a5 22. d5 c3 23. Qe2 Ne5 24. Nd4 Qc5 25. Red1 a4 26. Qe3 Qf8 27. Qg3 Qg7 28.
Nb5 Ba6 29. Nd4 Rc4 30. d6 Rxd4 31. Rxd4 Nf3+ 32. Qxf3 Qxd4 33. e5 Rd8 34. Re1
Bc4 35. h3 Be6 36. Qf6 Rc8 37. Bxg6 c2 38. Bxc2 Rxc2 39. Re3 Rc3 40. Qxh6 Rxe3
41. Qg5+ Kh7 1/2-1/2

[Event "SR 2. liga A 2018/2019"]
[Site "?"]
[Date "2018.11.18"]
[Round "4.5"]
[White "Zetocha, Adrian"]
[Black "Puchart, Vladimir"]
[Result "1-0"]
[WhiteElo "2171"]
[BlackElo "2046"]
[PlyCount "83"]
[EventDate "2018.??.??"]
[WhiteTeam "SK Slovan Bratislava E"]
[BlackTeam "Lokomotiva Trnava"]

1. d4 Nf6 2. c4 e6 3. Nf3 b6 4. g3 Ba6 5. Qa4 Be7 6. Bg2 O-O 7. Nc3 d5 8. Ne5
c5 9. dxc5 Bxc5 10. O-O Bb7 11. Bg5 Qc7 12. Bxf6 gxf6 13. Ng4 f5 14. cxd5 fxg4
15. d6 Qc8 16. Bxb7 Qxb7 17. Qxg4+ Kh8 18. b4 f5 19. Qc4 Nd7 20. bxc5 Nxc5 21.
Nb5 Rad8 22. e3 a6 23. Qd4+ Qg7 24. Nc7 e5 25. Qc4 Rxd6 26. Nxa6 Nxa6 27. Qxa6
f4 28. Qa3 Rh6 29. Rac1 Rg8 30. exf4 Qg4 31. Qb2 Qh3 32. Qxe5+ Rg7 33. Rfd1
Qxh2+ 34. Kf1 Qh1+ 35. Ke2 Qa8 36. Rc2 Qg8 37. f5 Qf8 38. Rd7 Qf6 39. Rc8+ Rg8
40. Rxg8+ Kxg8 41. Qb8+ Qf8 42. Rd8 1-0

[Event "SR 2. liga A 2018/2019"]
[Site "?"]
[Date "2018.11.18"]
[Round "4.6"]
[White "Szitkey, Milan"]
[Black "Vadila, Ondrej"]
[Result "1/2-1/2"]
[WhiteElo "2096"]
[BlackElo "2056"]
[PlyCount "42"]
[EventDate "2018.??.??"]
[WhiteTeam "Lokomotiva Trnava"]
[BlackTeam "SK Slovan Bratislava E"]

1. e4 c5 2. Nf3 Nc6 3. c3 Nf6 4. e5 Nd5 5. d4 cxd4 6. cxd4 d6 7. Bc4 Nb6 8. Bb3
dxe5 9. Nxe5 Nxe5 10. dxe5 Qxd1+ 11. Bxd1 g6 12. f4 Bg7 13. Bf3 O-O 14. Nc3 Rd8
15. a4 Be6 16. Bxb7 Rab8 17. Ba6 Nc4 18. Bb5 f6 19. exf6 Bxf6 20. O-O a6 21.
Bxc4 Bxc4 1/2-1/2

[Event "SR 2. liga A 2018/2019"]
[Site "?"]
[Date "2018.11.18"]
[Round "4.7"]
[White "Sulek, Viliam"]
[Black "Kolenak, Matus"]
[Result "1-0"]
[WhiteElo "2019"]
[BlackElo "1966"]
[PlyCount "73"]
[EventDate "2018.??.??"]
[WhiteTeam "SK Slovan Bratislava E"]
[BlackTeam "Lokomotiva Trnava"]

1. e4 c5 2. Nf3 Nc6 3. d4 cxd4 4. c3 dxc3 5. Nxc3 e6 6. Bc4 a6 7. a4 d6 8. O-O
Nf6 9. Qe2 Qc7 10. Rd1 Be7 11. h3 O-O 12. Be3 Ne5 13. Bb3 Bd7 14. Rac1 Nxf3+
15. Qxf3 Bc6 16. Nd5 exd5 17. exd5 Rac8 18. dxc6 bxc6 19. Bd4 c5 20. Bc3 Qc6
21. Qg3 Rfd8 22. Re1 Qc7 23. Rxe7 Qxe7 24. Re1 Qf8 25. Bxf6 Re8 26. Rxe8 Rxe8
27. Bc3 Kh8 28. Bc2 Re6 29. Qd3 f5 30. Qxa6 Rg6 31. Qb7 h6 32. a5 Re6 33. a6
Re7 34. Qd5 f4 35. Qd3 Qg8 36. Qg6 Re6 37. Bxg7+ 1-0

[Event "SR 2. liga A 2018/2019"]
[Site "?"]
[Date "2018.11.18"]
[Round "4.8"]
[White "Sturdik, Igor"]
[Black "Cambel, Vladimir"]
[Result "1-0"]
[WhiteElo "1955"]
[BlackElo "1956"]
[PlyCount "73"]
[EventDate "2018.??.??"]
[WhiteTeam "Lokomotiva Trnava"]
[BlackTeam "SK Slovan Bratislava E"]

1. e4 d6 2. d4 Nf6 3. Nc3 g6 4. Nf3 Bg7 5. Be2 O-O 6. O-O Nfd7 7. Be3 Nc6 8.
Qd2 e5 9. Rad1 exd4 10. Nxd4 Nde5 11. f4 Ng4 12. Nxc6 bxc6 13. Bd4 Rb8 14. b3
a5 15. Bxg7 Kxg7 16. h3 Nf6 17. e5 Ne8 18. exd6 cxd6 19. Ne4 Qb6+ 20. Kh1 d5
21. Qc3+ Kg8 22. Nf6+ Nxf6 23. Qxf6 Bf5 24. Bd3 Bxd3 25. Rxd3 Qb7 26. h4 Rfe8
27. f5 Qe7 28. fxg6 hxg6 29. h5 Qxf6 30. Rxf6 Re6 31. Rdf3 Rxf6 32. Rxf6 gxh5
33. Rxc6 Rb5 34. a4 Rb4 35. Rc5 d4 36. Rb5 d3 37. Rxb4 1-0

[Event "SR 2. liga A 2018/2019"]
[Site "?"]
[Date "2018.11.18"]
[Round "4.1"]
[White "Ruckschloss, Karol"]
[Black "Balogh, Peter"]
[Result "1-0"]
[WhiteElo "2211"]
[BlackElo "2277"]
[PlyCount "63"]
[EventDate "2018.??.??"]
[WhiteTeam "SK Slovan Bratislava D"]
[BlackTeam "SK Senec"]

1. c4 Nf6 2. d4 g6 3. Nc3 Bg7 4. e4 d6 5. Be2 O-O 6. h4 c5 7. d5 b5 8. cxb5 a6
9. a4 axb5 10. Bxb5 Ba6 11. Bd2 Nbd7 12. Nf3 Qb6 13. O-O Bxb5 14. axb5 Rxa1 15.
Qxa1 Ne8 16. Qa8 Bxc3 17. Bxc3 Qxb5 18. Qd8 Nef6 19. Qxe7 Re8 20. Qxd6 Nxe4 21.
Qc7 Nxc3 22. bxc3 h6 23. c4 Qa4 24. Rb1 Re4 25. Rb7 Qxc4 26. Qxd7 Qc1+ 27. Kh2
Qf4+ 28. Kh3 c4 29. Qd8+ Kg7 30. Rb8 Qg4+ 31. Kh2 Qf4+ 32. g3 1-0

[Event "SR 2. liga A 2018/2019"]
[Site "?"]
[Date "2018.11.18"]
[Round "4.2"]
[White "Takacs, Laszlo"]
[Black "Janos, Martin"]
[Result "1/2-1/2"]
[WhiteElo "2275"]
[BlackElo "2176"]
[PlyCount "120"]
[EventDate "2018.??.??"]
[WhiteTeam "SK Senec"]
[BlackTeam "SK Slovan Bratislava D"]

1. e4 Nc6 2. d4 e5 3. d5 Nce7 4. Nc3 Ng6 5. Be3 Nf6 6. f3 Bb4 7. Qd2 Qe7 8.
O-O-O a6 9. g4 Bc5 10. Nge2 Bxe3 11. Qxe3 d6 12. h4 Nd7 13. h5 Ngf8 14. Ng3 Nb6
15. a4 h6 16. a5 Nbd7 17. Nf5 Qf6 18. Na4 g6 19. hxg6 fxg6 20. Rxh6 Rxh6 21. g5
Qf7 22. Nxh6 Qf4 23. Qxf4 exf4 24. Be2 Ne5 25. b3 Nh7 26. Nb2 Nxg5 27. Nd3 Ngf7
28. Rh1 g5 29. Nxe5 Nxe5 30. Rh5 Bd7 31. Rxg5 Ke7 32. Ng4 Bxg4 33. fxg4 Rf8 34.
Kd2 Rf7 35. Ke1 Kf6 36. Rf5+ Kg6 37. Kf2 Rxf5 38. gxf5+ Kg5 39. b4 c6 40. dxc6
Nxc6 41. c3 Ne5 42. Kg2 Kf6 43. Bd1 d5 44. Bc2 Nc4 45. Kf3 Ne3 46. Bb3 dxe4+
47. Kxf4 Nxf5 48. Kxe4 Nd6+ 49. Kd5 Ke7 50. Kc5 Kd7 51. Kb6 Kc8 52. Be6+ Kb8
53. c4 Ne4 54. c5 Nf6 55. c6 bxc6 56. Kxa6 Kc7 57. Bc4 Ne8 58. Bf1 Nd6 59. Bg2
Nb5 60. Bxc6 Kxc6 1/2-1/2

[Event "SR 2. liga A 2018/2019"]
[Site "?"]
[Date "2018.11.18"]
[Round "4.3"]
[White "Kolcak, Marek"]
[Black "Gruca, Miroslav"]
[Result "1/2-1/2"]
[WhiteElo "2142"]
[BlackElo "2181"]
[PlyCount "61"]
[EventDate "2018.??.??"]
[WhiteTeam "SK Slovan Bratislava D"]
[BlackTeam "SK Senec"]

1. e4 b6 2. d4 Bb7 3. Nc3 e6 4. Nf3 Bb4 5. Bd3 Nf6 6. Bg5 h6 7. Bxf6 Bxc3+ 8.
bxc3 Qxf6 9. O-O O-O 10. c4 d6 11. a4 a5 12. e5 Qe7 13. Qe2 Nd7 14. Be4 Bxe4
15. Qxe4 dxe5 16. Nxe5 Nxe5 17. Qxe5 Rfd8 18. c3 Qd6 19. Rfe1 Rac8 20. Rab1 c5
21. d5 exd5 22. cxd5 Qxd5 23. Qxd5 Rxd5 24. Rxb6 Rd2 25. g3 Ra2 26. Rb7 Rxa4
27. Ree7 Rf8 28. Ra7 Rc4 29. Rxa5 Rxc3 30. Rc7 c4 31. Rac5 1/2-1/2

[Event "SR 2. liga A 2018/2019"]
[Site "?"]
[Date "2018.11.18"]
[Round "4.4"]
[White "Kalmar, Tamas"]
[Black "Janos, Jozef"]
[Result "1/2-1/2"]
[WhiteElo "2079"]
[BlackElo "2142"]
[PlyCount "43"]
[EventDate "2018.??.??"]
[WhiteTeam "SK Senec"]
[BlackTeam "SK Slovan Bratislava D"]

1. d4 Nf6 2. c4 e6 3. Nf3 d5 4. Bg5 c6 5. e3 Nbd7 6. Nc3 Qa5 7. Nd2 Bb4 8. Qc2
dxc4 9. Bxf6 Nxf6 10. Nxc4 Bxc3+ 11. Qxc3 Qxc3+ 12. bxc3 Ne4 13. Rc1 Ke7 14.
Be2 Bd7 15. Bf3 Ng5 16. Be2 f6 17. h4 Nf7 18. Bf3 b6 19. O-O Rab8 20. Rfd1 Rhd8
21. Kf1 Rbc8 22. Ke1 1/2-1/2

[Event "SR 2. liga A 2018/2019"]
[Site "?"]
[Date "2018.11.18"]
[Round "4.5"]
[White "Fabry, Robert"]
[Black "Merva, Frantisek"]
[Result "1/2-1/2"]
[WhiteElo "2105"]
[BlackElo "2088"]
[PlyCount "27"]
[EventDate "2018.??.??"]
[WhiteTeam "SK Slovan Bratislava D"]
[BlackTeam "SK Senec"]

1. e4 e5 2. Nf3 Nc6 3. Bc4 Bc5 4. O-O Nf6 5. Nc3 d6 6. d3 h6 7. Nd5 Bg4 8. Be3
Nd4 9. Bxd4 Bxd4 10. h3 Bxf3 11. Qxf3 Nxd5 12. Bxd5 O-O 13. c3 c6 14. Bb3
1/2-1/2

[Event "SR 2. liga A 2018/2019"]
[Site "?"]
[Date "2018.11.18"]
[Round "4.6"]
[White "Koval, Michal"]
[Black "Kolman, Richard"]
[Result "0-1"]
[WhiteElo "2044"]
[BlackElo "1970"]
[PlyCount "78"]
[EventDate "2018.??.??"]
[WhiteTeam "SK Senec"]
[BlackTeam "SK Slovan Bratislava D"]

1. e4 d6 2. d4 Nf6 3. Nc3 c6 4. h3 Qa5 5. Bd3 e5 6. Nf3 Nbd7 7. O-O Be7 8. dxe5
dxe5 9. a3 b5 10. Bg5 O-O 11. Qe2 Re8 12. Nd1 Qc7 13. c4 b4 14. axb4 Bxb4 15.
Ne3 h6 16. Bh4 Nh5 17. Nc2 Nf4 18. Qd1 Bf8 19. Bg3 Nc5 20. Nfe1 Nfxd3 21. Nxd3
Nxe4 22. Bh2 Bf5 23. Qf3 Bh7 24. Qe3 f5 25. Ra6 f4 26. Qe2 Rad8 27. Ncb4 Bxb4
28. Nxb4 Qb7 29. Ra4 Rd2 30. Qh5 Nf6 31. Qf3 Rxb2 32. Qc3 Re2 33. c5 Re4 34. f3
Rd4 35. Rfa1 Red8 36. R1a2 Qb5 37. Qb3+ Kh8 38. Ra1 Qxc5 39. Na6 Rd1# 0-1

[Event "SR 2. liga A 2018/2019"]
[Site "?"]
[Date "2018.11.18"]
[Round "4.8"]
[White "Ujhelyi, Matus"]
[Black "Kuna, Vladimir"]
[Result "0-1"]
[WhiteElo "1886"]
[BlackElo "1982"]
[PlyCount "78"]
[EventDate "2018.??.??"]
[WhiteTeam "SK Senec"]
[BlackTeam "SK Slovan Bratislava D"]

1. d4 d5 2. Bf4 Nf6 3. e3 g6 4. Be2 Bg7 5. Nc3 O-O 6. h4 c6 7. g4 Qa5 8. f3 b5
9. Qd2 Qb6 10. h5 a5 11. Bd3 a4 12. Nh3 b4 13. Ne2 Ba6 14. Ng3 Bxd3 15. cxd3
Nbd7 16. g5 Nxh5 17. Nxh5 gxh5 18. Qh2 b3 19. Nf2 c5 20. Qxh5 Qg6 21. Qh3 e6
22. Ke2 cxd4 23. e4 dxe4 24. Nxe4 Rfc8 25. axb3 Rc2+ 26. Bd2 Rxb2 27. bxa4 Nb6
28. Nf6+ Bxf6 29. gxf6 Nd5 30. Qh2 Nf4+ 31. Kd1 Rxa4 32. Rc1 Rxd2+ 33. Qxd2
Qxf6 34. Qh2 h5 35. Qg3+ Kh7 36. Rh4 e5 37. Qf2 Ra3 38. Qh2 Qf5 39. Rxf4 exf4
0-1

[Event "SR 2. liga A 2018/2019"]
[Site "?"]
[Date "2018.12.15"]
[Round "5.1"]
[White "Jablonicky, Martin"]
[Black "Novosadova, Kristyna"]
[Result "0-1"]
[WhiteElo "2318"]
[BlackElo "2229"]
[PlyCount "82"]
[EventDate "2018.??.??"]
[WhiteTeam "SK Osuske B"]
[BlackTeam "SK Nafta Gbely"]

1. e4 e5 2. Nf3 Nc6 3. Bb5 f5 4. d4 fxe4 5. Nxe5 Nxe5 6. dxe5 c6 7. Nc3 cxb5 8.
Nxe4 d5 9. exd6 Nf6 10. O-O Nxe4 11. Qh5+ g6 12. Qxb5+ Qd7 13. Qe5+ Kf7 14.
Qxe4 Bxd6 15. Bg5 Qf5 16. Qd4 Qe5 17. Qh4 h6 18. Be3 Qh5 19. Qxh5 gxh5 20. Rad1
Be5 21. c3 Be6 22. f4 Bf6 23. f5 Bc8 24. Rd6 Rd8 25. Rxd8 Bxd8 26. f6 a5 27.
Bxh6 Bxf6 28. Bg5 Ra6 29. b4 a4 30. b5 Re6 31. Rf4 Bd7 32. c4 Ke7 33. Bxf6+
Rxf6 34. Rh4 Rf5 35. h3 Be6 36. g4 Rc5 37. Kf2 Bf7 38. gxh5 Rxc4 39. Rg4 Rxg4
40. hxg4 Bxa2 41. Ke3 Bc4 0-1

[Event "SR 2. liga A 2018/2019"]
[Site "?"]
[Date "2018.12.15"]
[Round "5.2"]
[White "Danada, Tomas"]
[Black "Karas, Marek"]
[Result "1/2-1/2"]
[WhiteElo "2241"]
[BlackElo "2243"]
[PlyCount "22"]
[EventDate "2018.??.??"]
[WhiteTeam "SK Nafta Gbely"]
[BlackTeam "SK Osuske B"]

1. d4 d5 2. c4 dxc4 3. e3 Nf6 4. Bxc4 e6 5. Nf3 c5 6. O-O a6 7. dxc5 Bxc5 8.
Qxd8+ Kxd8 9. Rd1+ Ke7 10. Nc3 Nbd7 11. a3 b5 1/2-1/2

[Event "SR 2. liga A 2018/2019"]
[Site "?"]
[Date "2018.12.15"]
[Round "5.3"]
[White "Jozefek, Michal"]
[Black "Matejovic, Juraj"]
[Result "1/2-1/2"]
[WhiteElo "2191"]
[BlackElo "2252"]
[PlyCount "62"]
[EventDate "2018.??.??"]
[WhiteTeam "SK Osuske B"]
[BlackTeam "SK Nafta Gbely"]

1. d4 Nf6 2. c4 g6 3. Nc3 Bg7 4. e4 d6 5. Be2 O-O 6. Bg5 Nbd7 7. Qd2 c5 8. Nf3
cxd4 9. Nxd4 Nc5 10. f3 Ne6 11. Be3 Nxd4 12. Bxd4 Be6 13. O-O Nd7 14. Be3 Rc8
15. b3 a6 16. Rac1 Kh8 17. Rfd1 Qa5 18. Qb2 f5 19. exf5 Qxf5 20. Bd3 Qh5 21.
Qd2 Nf6 22. Ne4 Nxe4 23. Bxe4 Rc7 24. Rc2 Qe5 25. Qf2 b5 26. c5 d5 27. Bd4 Qg5
28. Bxd5 Bf5 29. Re2 Rd8 30. f4 Bxd4 31. Qxd4+ Qf6 1/2-1/2

[Event "SR 2. liga A 2018/2019"]
[Site "?"]
[Date "2018.12.15"]
[Round "5.4"]
[White "Lintner, Igor"]
[Black "Cajka, Tibor"]
[Result "1-0"]
[WhiteElo "2165"]
[BlackElo "2089"]
[PlyCount "73"]
[EventDate "2018.??.??"]
[WhiteTeam "SK Nafta Gbely"]
[BlackTeam "SK Osuske B"]

1. Nf3 Nf6 2. d4 c5 3. c3 b6 4. Bf4 Bb7 5. e3 cxd4 6. cxd4 d6 7. Nc3 e6 8. h3
Be7 9. Rc1 a6 10. Bd3 O-O 11. O-O b5 12. a3 Nbd7 13. e4 Nh5 14. Be3 g6 15. Nd2
Ng7 16. Qe2 e5 17. dxe5 dxe5 18. Nb3 Ne6 19. Rfd1 b4 20. axb4 Bxb4 21. Bc4 Re8
22. Bd5 Bxd5 23. Nxd5 Bd6 24. Rc6 Be7 25. Nb6 Nef8 26. Nxa8 Qxa8 27. Rc7 Nb8
28. Qc4 Ne6 29. Rc8 Rf8 30. Bh6 Ng7 31. Rxf8+ Bxf8 32. Rd8 Qb7 33. Qd5 Qc7 34.
Kh2 Ne6 35. Re8 Nd7 36. Ra8 Nd8 37. Bxf8 1-0

[Event "SR 2. liga A 2018/2019"]
[Site "?"]
[Date "2018.12.15"]
[Round "5.5"]
[White "Hecko, Dusan"]
[Black "Sosovicka, Juraj"]
[Result "0-1"]
[WhiteElo "2062"]
[BlackElo "2123"]
[PlyCount "70"]
[EventDate "2018.??.??"]
[WhiteTeam "SK Osuske B"]
[BlackTeam "SK Nafta Gbely"]

1. d4 d5 2. Nf3 Nf6 3. Bf4 g6 4. e3 Bg7 5. Bd3 O-O 6. Nbd2 b6 7. O-O c5 8. c3
Ba6 9. Qe2 Bxd3 10. Qxd3 Nc6 11. Ne5 Nxe5 12. Bxe5 Rc8 13. Rfd1 e6 14. Rac1 Qe7
15. b3 Rfd8 16. Qe2 cxd4 17. exd4 Qa3 18. Rc2 a6 19. g4 b5 20. h4 Qe7 21. h5
Nd7 22. Bxg7 Kxg7 23. hxg6 hxg6 24. Nf3 Qf6 25. Kg2 Qf4 26. Ne5 Rh8 27. Rg1 Nf6
28. Kf1 Ne4 29. Nd3 Qf6 30. g5 Qf5 31. c4 bxc4 32. bxc4 Rh1 33. Qe3 Rxg1+ 34.
Kxg1 Qg4+ 35. Kf1 Rh8 0-1

[Event "SR 2. liga A 2018/2019"]
[Site "?"]
[Date "2018.12.15"]
[Round "5.6"]
[White "Travnicek, Petr"]
[Black "Gzib, David"]
[Result "1/2-1/2"]
[WhiteElo "2117"]
[BlackElo "2062"]
[PlyCount "84"]
[EventDate "2018.??.??"]
[WhiteTeam "SK Nafta Gbely"]
[BlackTeam "SK Osuske B"]

1. d4 Nf6 2. c4 g6 3. Nc3 Bg7 4. e4 d6 5. f3 O-O 6. Be3 e5 7. d5 Nbd7 8. Bd3 a5
9. Nge2 Nc5 10. Bc2 Nh5 11. g4 Nf4 12. Nxf4 exf4 13. Bxf4 f5 14. gxf5 gxf5 15.
Qd2 fxe4 16. O-O-O Qf6 17. Bg5 Qxf3 18. Rhg1 Qf2 19. Bh6 Qxd2+ 20. Rxd2 Rf1+
21. Rd1 Rf7 22. Nxe4 Nxe4 23. Bxe4 Bd7 24. Rg5 Kh8 25. Bxg7+ Rxg7 26. Rxg7 Kxg7
27. Rg1+ Kh6 28. Kd2 Rf8 29. Ke3 Re8 30. Kd4 Rf8 31. Rg2 Rf4 32. Ke3 Rg4 33.
Rxg4 Bxg4 34. a3 Kg7 35. b4 axb4 36. axb4 b6 37. c5 dxc5 38. bxc5 bxc5 39. Kd3
Kf6 40. Bxh7 Ke5 41. Bg8 Bf3 42. Kc4 Bxd5+ 1/2-1/2

[Event "SR 2. liga A 2018/2019"]
[Site "?"]
[Date "2018.12.15"]
[Round "5.7"]
[White "Jarabek, Milan"]
[Black "Brunovsky, Peter"]
[Result "1/2-1/2"]
[WhiteElo "1769"]
[BlackElo "1858"]
[PlyCount "50"]
[EventDate "2018.??.??"]
[WhiteTeam "SK Osuske B"]
[BlackTeam "SK Nafta Gbely"]

1. c4 Nf6 2. Nc3 g6 3. g3 Bg7 4. Bg2 O-O 5. d3 d6 6. Nf3 c5 7. O-O Na6 8. Rb1
Bd7 9. Bd2 Rb8 10. Qc1 Qc8 11. Bh6 Bh3 12. Bxg7 Kxg7 13. a3 Bxg2 14. Kxg2 Nc7
15. b4 b6 16. bxc5 bxc5 17. Rxb8 Qxb8 18. Qb1 Qa8 19. Qc2 Rb8 20. Rb1 Rb7 21.
Rb3 Qb8 22. Nd2 Rb6 23. Qb2 Qb7+ 24. Kg1 Rxb3 25. Qxb3 Qxb3 1/2-1/2